000 00721nam a2200181Ia 4500
003 GCL
008 140319s9999 xx 000 0 ara d
040 _aGCL /
_cGCL
082 0 4 _a811.9531
_bا د
100 1 _aاسماعيل حسين ابوزعنونه
245 1 0 _aديوان المئوية :
_bذكرى التوحيد والتأسيس /
_cاسماعيل حسين ابوزعنونه
260 _aالرياض :
_bمكتبة الملك عبدالعزيز العامة ،
_c2001
300 _a365 ص ؛
_c24 سم
650 0 4 _aالشعر العربى - تاريخ ونقد
650 0 4 _aالشعر العربى - دواوين وقصائد
650 0 4 _aالشعر العربى - السعودية
942 _2ddc
_cBK
999 _c6896
_d6896